000 00515nam a2200169Ia 4500
005 20250326140940.0
008 250326s9999 xx 000 0 und d
037 _aTextbook
040 _aFMSL
_beng
_cFMSL
041 _aeng
_2eng
084 _aX:51:f N8
_qFMSL
100 _aLehmann D R & Others
_9743436
245 0 _aMarketing research, reading
_cLehmann D R & Others
260 _aAdison
_bAdison, Wesley educational publishers, Inc.
_c1998
942 _cTB
_hX:51:f N8
999 _c1288003
_d1288003